Word Ladder #1 - Statistics

General Stats
  • This quiz has been taken 1,685 times
  • The average score is 8 of 19
Answer Stats
Hint Answer % Correct
Distinguishing feature of Al Capone’s face. Scar
77%
Capone’s preferred smoke. Cigar
73%
Twice the radius. Diameter
66%
String instrument used in Indian classical music. Sitar
65%
Highest mountain in Africa. Kilimanjaro
64%
Stylish brand of sunglasses. Ray-Ban
63%
0.62137 miles. Kilometer
57%
Gift for 60th wedding anniversary. Diamond
54%
First name of Burr, Romano, Chandler & Massey. Raymond
53%
Dustin Hoffman movie about autistic savant. Rain Man
52%
Al Capone’s job description. Gangster
35%
Hereditary military dictators of Japan. Shogun
28%
Hero of 1960’s Nazi prison camp sitcom. Hogan
23%
Narrow passage on a sailing ship. Gangway
17%
Jerome Kern musical featuring “Ol’ Man River.” Show Boat
13%
Dean Kamen’s two-wheeled vehicle. Segway
12%
Chinese province and style of cuisine. Hunan
11%
Tree-sized cactus species. Saguaro
11%
Biblical ram’s horn. Shofar
10%
No matching quizzes found
Score Distribution
Percent of People with Each Score
Percentile by Number Answered
Your Score History
You have not taken this quiz